Normal view MARC view
  • Ghose R Ed

Entry Personal Name

Number of records used in: 1

001 - CONTROL NUMBER

  • control field: 29951

003 - CONTROL NUMBER IDENTIFIER

  • control field: OSt

005 - DATE AND TIME OF LATEST TRANSACTION

  • control field: 20220803173557.0

008 - FIXED-LENGTH DATA ELEMENTS

  • fixed length control field: 220803|| aca||aabn | a|a d

040 ## - CATALOGING SOURCE

  • Original cataloging agency: OSt
  • Transcribing agency: OSt

100 ## - HEADING--PERSONAL NAME

  • Personal name: Ghose R Ed

670 ## - SOURCE DATA FOUND

  • Source citation: Work cat.: (OSt)18791: Ghose R Ed., Kizil on The Silk Road : Crossroads Of Commerce And Meeting Of Minds, 2008